నరేంద్ర మోడీ / (Record no. 1551922)

MARC details
000 -LEADER
fixed length control field 01130nam a22002897a 4500
005 - DATE AND TIME OF LATEST TRANSACTION
control field 20220906113751.0
008 - FIXED-LENGTH DATA ELEMENTS--GENERAL INFORMATION
fixed length control field 220906b2015 ii ao||g |||| 00| 0btel d
020 ## - INTERNATIONAL STANDARD BOOK NUMBER
International Standard Book Number 9788183512916:
Price Rs.345.00;
Book form PBK.
040 ## - CATALOGING SOURCE
Original cataloging agency NLI
Language of cataloging tel
Transcribing agency Telugu Division
041 0# - LANGUAGE CODE
Language code of text/sound track or separate title tel
044 ## - COUNTRY OF PUBLISHING/PRODUCING ENTITY CODE
MARC country code ii
082 04 - DEWEY DECIMAL CLASSIFICATION NUMBER
Edition number 23rd ed.
Classification number Te 923.2
Book number An 482 nm.2
100 1# - MAIN ENTRY--PERSONAL NAME
Linkage 880-01
Personal name ఆండీ మారినో .
245 10 - TITLE STATEMENT
Linkage 880-02
Title నరేంద్ర మోడీ /
Statement of responsibility, etc. ఆండీ మారినో .
260 ## - PUBLICATION, DISTRIBUTION, ETC.
Place of publication, distribution, etc. న్యూ ఢిల్లీ :
Name of publisher, distributor, etc. రీం పబ్లికేషన్స్ ప్రైవేటు లిమిటెడ్ ,
Date of publication, distribution, etc. 2015.
300 ## - PHYSICAL DESCRIPTION
Extent 256p:
Other physical details illus,
Dimensions 21cm.
650 #0 - SUBJECT ADDED ENTRY--TOPICAL TERM
Topical term or geographic name entry element Biography
650 #0 - SUBJECT ADDED ENTRY--TOPICAL TERM
Topical term or geographic name entry element Politician
9 (RLIN) 931745
651 #0 - SUBJECT ADDED ENTRY--GEOGRAPHIC NAME
Geographic subdivision India
9 (RLIN) 686598
700 1# - ADDED ENTRY--PERSONAL NAME
Relationship అనువాదం
Linkage 880-03
Personal name దామెర వెంకట సూర్యారావు .
9 (RLIN) 703456
852 ## - LOCATION
Location BB
880 1# - ALTERNATE GRAPHIC REPRESENTATION
Linkage 100-01
a Āṇḍī mārinō.
880 1# - ALTERNATE GRAPHIC REPRESENTATION
Linkage 245-02
a Narēndra mōḍī/
c Āṇḍī mārinō.
880 1# - ALTERNATE GRAPHIC REPRESENTATION
Linkage 700-03
a Dāmera veṅkaṭa sūryārāvu.
887 ## - NON-MARC INFORMATION FIELD
Data Entry Operator Name / Verifier Name BADIYA DINESH KUMAR
942 ## - ADDED ENTRY ELEMENTS (KOHA)
Source of classification or shelving scheme Dewey Decimal Classification
Koha item type Books
Holdings
Withdrawn status Lost status Source of classification or shelving scheme Materials specified (bound volume or other part) Damaged status Not for loan Collection code Home library Current library Shelving location Date acquired Source of acquisition Total Checkouts Full call number Barcode Date last seen Copy number Price effective from Koha item type
    Dewey Decimal Classification pbk     Telegu National Library of India National Library of India Telegu - Book - Main Stack Division 03/08/2022 DB-Act   Te 923.2 An 482 nm.2 DBA000049695TEL 06/09/2022 2 06/09/2022 Books
                                                                           
web counter

Copyright ©2020 The National Library of India, Govt. of India ↔ Hosted by NVLI, MOC ↔ Technology and Design by National Library of India, Ministry of Culture, Govt. of India